部首为扌/手的常见中文汉字 Common Chinese characters with the radical “Hand” - Statistics

General Stats
  • This quiz has been taken 17 times
  • The average score is 163 of 296
Answer Stats
拼音首字母 笔画数 汉字 % Correct
a 9
93%
b 7
86%
d 5
86%
l 8
86%
s 13
86%
t 11
86%
t 12
86%
w 12
86%
a 10
79%
b 5
79%
b 8
79%
b 8
79%
c 9
79%
c 12
79%
c 15
79%
d 7
79%
f 7
79%
j 10
79%
k 6
79%
k 11
79%
m 13
79%
n 10
79%
n 10
79%
p 11
79%
q 11
79%
s 4
79%
s 9
79%
t 7
79%
t 8
79%
t 9
79%
t 11
79%
y 13
79%
z 6
79%
z 9
79%
z 10
79%
z 12
79%
a 11
71%
b 7
71%
b 7
71%
b 8
71%
b 10
71%
b 13
71%
b 13
71%
b 15
71%
c 7
71%
c 8
71%
c 12
71%
c 14
71%
d 8
71%
d 8
71%
ɡ 9
71%
ɡ 9
71%
ɡ 13
71%
h 9
71%
j 8
71%
j 9
71%
j 11
71%
j 11
71%
j 12
71%
j 12
71%
k 6
71%
k 7
71%
k 7
71%
l 8
71%
l 8
71%
l 12
71%
l 12
71%
m 8
71%
n 8
71%
n 8
71%
n 9
71%
n 11
71%
p 5
71%
p 7
71%
p 8
71%
q 16
71%
r 5
71%
r 20
71%
s 6
71%
s 7
71%
t 8
71%
t 9
71%
t 11
71%
w 10
71%
x 11
71%
y 6
71%
z 4
71%
z 8
71%
z 8
71%
z 9
71%
z 10
71%
z 11
71%
b 7
64%
b 8
64%
b 10
64%
b 12
64%
c 7
64%
c 8
64%
c 11
64%
c 12
64%
c 16
64%
c 17
64%
d 11
64%
d 11
64%
d 11
64%
d 12
64%
e 13
64%
f 7
64%
f 8
64%
ɡ 8
64%
ɡ 11
64%
h 7
64%
h 10
64%
j 7
64%
j 7
64%
j 8
64%
k 9
64%
k 9
64%
k 10
64%
l 8
64%
l 10
64%
l 11
64%
l 15
64%
n 9
64%
p 8
64%
p 8
64%
p 9
64%
p 19
64%
q 6
64%
q 7
64%
q 10
64%
s 9
64%
s 12
64%
s 14
64%
t 8
64%
t 9
64%
t 10
64%
w 9
64%
x 13
64%
x 17
64%
y 8
64%
y 8
64%
y 12
64%
z 7
64%
z 7
64%
z 8
64%
z 14
64%
z 15
64%
b 11
57%
c 8
57%
c 11
57%
c 15
57%
d 9
57%
d 10
57%
ɡ 11
57%
h 10
57%
j 9
57%
j 12
57%
k 6
57%
k 9
57%
l 7
57%
l 10
57%
l 14
57%
m 8
57%
m 8
57%
m 15
57%
n 8
57%
p 7
57%
p 11
57%
p 14
57%
q 15
57%
s 9
57%
s 11
57%
s 15
57%
s 15
57%
t 6
57%
t 7
57%
t 13
57%
w 10
57%
y 7
57%
y 11
57%
y 11
57%
y 12
57%
z 9
57%
z 10
57%
z 15
57%
z 19
57%
b 12
50%
b 13
50%
b 13
50%
c 10
50%
c 11
50%
c 12
50%
e 7
50%
ɡ 16
50%
h 16
50%
j 11
50%
l 10
50%
l 16
50%
m 6
50%
m 11
50%
m 14
50%
n 7
50%
q 11
50%
q 15
50%
r 7
50%
r 12
50%
s 10
50%
s 10
50%
s 11
50%
s 12
50%
z 9
50%
a 12
43%
b 9
43%
b 14
43%
b 17
43%
c 12
43%
c 15
43%
d 11
43%
ɡ 12
43%
j 7
43%
j 9
43%
j 10
43%
j 11
43%
j 23
43%
k 12
43%
l 15
43%
n 7
43%
n 11
43%
q 10
43%
s 13
43%
s 13
43%
s 16
43%
t 13
43%
w 9
43%
x 15
43%
z 8
43%
z 12
43%
z 12
43%
b 7
36%
b 13
36%
j 11
36%
l 14
36%
n 13
36%
n 15
36%
s 7
36%
s 16
36%
y 11
36%
y 12
36%
z 23
36%
c 12
29%
c 13
29%
f 8
29%
j 15
29%
k 12
29%
y 12
29%
z 9
29%
z 17
29%
c 3
21%
c 8
21%
c 13
21%
c 15
21%
ɡ 14
21%
h 14
21%
j 9
21%
j 11
21%
l 11
21%
l 11
21%
n 25
21%
q 14
21%
s 13
21%
y 14
21%
z 13
21%
c 8
14%
c 13
14%
p 8
14%
p 11
14%
q 12
14%
t 11
14%
w 6
14%
x 12
14%
y 10
14%
z 14
14%
c 14
7%
d 12
7%
h 16
7%
h 19
7%
j 13
7%
p 12
7%
b 12
0%
c 14
0%
c 14
0%
j 10
0%
x 6
0%
z 13
0%
z 15
0%
No matching quizzes found
Score Distribution
Percent of People with Each Score
Percentile by Number Answered
Your Score History
You have not taken this quiz